00978nam a22002537a 4500999001500000003000900015008004100024040007100065082001500136100001900151245006900170260004600239300004400285440003700329505012300366650002000489650002000509650002100529650001600550700003700566942001600603945000900619952009600628 c2769d2769AR-CdUCM190305b ||||| |||| 00| 0 spa d aMUNICIPALIDAD PROVINCIAL DEL CUSCOcBIBLIOTECA MUNICIPAL DEL CUSCO a908 /bH72 aHorne, Alister a1914-1916 Del Marne a Verdún :bla batalla de las trincheras / aBarcelona :bEdiciones Nauta S.A.,c1970. a127 páginas ;bFotografías,c22 cm. aBiblioteca del siglo XXn899652 aContenido: Se cavan trincheras -- 1915-Primavera -- 1915-Otoño -- La linea divisora del aguas - 1916 -- Verdún ... aAlemania 91327 aVerdún 99653 aTestimonios9915 aSiglo XX98 aEstrada, Sara (Traductora)99654 2ddccLIBROS araen 002ddc4070aSHbSHcCARTd2019-03-05g166.00o908 / H72pSH0000002410r2019-03-05yLIBROS